000 00489cam a2200193ua 4500
020 _c295.00
041 _aeng
_h
082 _a372.6
_bDUT/CO
100 _aDutt, Kiranmai P .
245 _aCourse in communication skills /
_cP.Kiranmai Dutt.
_hTextual Documents
260 _aBangalore :
_bFoundation ,
_c2008.
300 _a ; .
365 _a295.00
504 _a
700 1 _aPrakash, C.L.N .
700 1 _aRajeevan, Geetha .
942 _cBK
999 _c13490
_d13490